| 000 | 01074nam a2200253Ia 4500 | ||
|---|---|---|---|
| 003 | Ost | ||
| 005 | 20260507075640.0 | ||
| 008 | 260507s9999||||xx |||||||||||||| ||und|| | ||
| 040 | _cfsecg | ||
| 041 | _aara | ||
| 082 | _a301.31 | ||
| 100 |
_aمقصد، رمضان محمد _eمؤلف |
||
| 245 | 0 |
_aاقتصاديات الموارد والبيئة / _c رمضان محمد مقصد |
|
| 260 |
_aالإسكندرية: _bالدار الجامعية, _c2003 |
||
| 300 |
_a408 صفحة؛ _bإيضاحات ؛ _c24 سم |
||
| 520 | _aاقتصاديات الموارد،اقتصاديات الموارد الزراعية والغذائية ،اقتصاديات الطاقة إقتصاديات الموارد البشرية ،مشكلة التلوث والبيئة | ||
| 653 | _aالاقتصاد | ||
| 653 | _aالبيئة | ||
| 653 | _aالزراعة | ||
| 653 | _aالموارد البشرية | ||
| 700 |
_aرمضان، نعمة الله أحمد _eمؤلف ثانوي |
||
| 700 |
_aعفاف، عبد العزيز عابد _eمؤلف ثانوي |
||
| 942 | _cكتاب | ||
| 999 |
_c45388 _d45388 |
||